000 00482nam a2200217Ia 4500
008 210210b1841 xxu||||| |||| 00| 0 eng d
041 _aeng
082 _a270/21
100 _aDOLLINGER )Bishop J J I)
245 _aHistory of the church Vol.4
260 _aLondon
_bNot Mentioned
_c1841
300 _aiv,238
440 _a4
650 _aVol.4
650 _athe
650 _aof
650 _aHistory
650 _achurch
690 _aChristianity
906 _a001447
999 _c116561
_d116561